| 000 | 01120cam a22003137a 4500 | ||
|---|---|---|---|
| 003 | CHAP | ||
| 005 | 20220329142545.0 | ||
| 008 | 011025d1997 us d r 00110 spa d | ||
| 010 | _a84876 | ||
| 011 | _a85848 | ||
| 035 | _a96385 | ||
| 040 | _cCHAP | ||
| 090 | _aFolleto 16374 | ||
| 100 | 0 | 0 |
_aAshford, Lori. _97925 |
| 245 | 1 | 0 |
_aCómo mejorar la salud reproductiva de los países en desarrollo: _bresumen de las conclusiones del Consejo Nacional de Investigación de la Academia Nacional de Ciencias de los Estados Unidos _c/por Lori Ashford |
| 260 |
_aWashington, D.C. : _bPopulation Reference Bureau, _c1997 |
||
| 300 |
_a32 p. : _bgráfs. ; cuadros |
||
| 590 |
_aBATCH-UPD _b10 _c20130110 _lUCH01 _h0443 |
||
| 590 |
_aBATCH-UPD _b10 _c20130410 _lUCH01 _h0120 |
||
| 590 |
_aBATCH-UPD _b10 _c20130914 _lUCH01 _h0418 |
||
| 590 |
_aCONVERSION _b10 _c20130109 _lUCH01 _h1347 |
||
| 650 | 1 | 4 |
_aEducación sexual. _935598 |
| 650 | 1 | 4 |
_aReproducción. _996027 |
| 650 | 1 | 4 |
_aSalud. _9101807 |
| 901 | _aBK | ||
| 905 | _aMarco A. Mendoza T. | ||
| 942 | _cFOLL | ||
| 949 |
_aFolleto 16374 _bBC _cFOLL _d33724000994497 _eTS1 _i96385 _sb |
||
| 999 |
_c84876 _d84876 |
||